Capitales de países insulares A-Z - Estadísticas

Estadísticas generales
  • Esta prueba ha sido intentada 31 veces
  • La puntuación promedio es 12 de 17
Estadísticas de respuestas
Letra Capital % Correcto
L Londres | La Habana | La Valeta
96%
C Canberra | Castries
93%
S Sri Jayawardenapura Kotte | Santo Domingo | Suva | Santo Tomé | Singapur | Saint John's | Saint George
93%
R Reikiavik | Roseau
89%
W Wellington
86%
N Nasau | Nicosia | Nukualofa | Ngerulmud
79%
D Dublin | Dili
75%
M Manila | Moroni | Manama | Malé | Majuro
75%
P Port Moresby | Puerto Príncipe | Port Vila | Puerto España | Praia | Port Louis | Palikir
75%
T Tokio | Taipei | Tarawa Sur
75%
K Kingston | Kingstown
71%
A Antananarivo | Apia
68%
Y Yakarta | Yaren
64%
B Bandar Seri Begawan | Bridgetown | Basseterre
54%
H Honiara
46%
F Funafuti
43%
V Victoria
39%
No se encontraron pruebas coincidentes
Distribución de puntuación
Porcentaje de gente con cada puntuación
Porcentaje por número respondido
Historial de tus puntuaciones
No has intentado esta prueba.